Poles - Sudden death - Statistics

General Stats
  • This quiz has been taken 29 times
  • The average score is 15 of 28
Answers on the Grid
Answers color-coded by a green-red scale on the quiz's grid according to % correct below.
Adam Czartoryski
Adolf Hitler
Andriy Shevchenko
Andrzej Duda
Andrzej Wajda
Bohdan Khmelnytsky
Bolesław Prus
Bona Sforza
Casimir Pulaski
Daniel Olbrychski
Donald Tusk
Eugeniusz Kwiatkowski
Franz Liszt
Frédéric Chopin
Ignacy Łukasiewicz
Irena Szewińska
Jan Czerski
Jan Matejko
Jean-Jacques Rousseau
John Huss
John Paul II
Joseph Stalin
Józef Bem
Józef Piłsudski
Julian Tuwim
Kazimierz Deyna
Krzysztof Krawczyk
Lech Wałęsa
Ludwik Zamenhof
Marie Curie
Nicolaus Copernicus
Nikita Khrushchev
Nikola Tesla
Otto Skorzeny
Pál Teleki
Robert Lewandowski
Saint Adalbert
Stefan Żeromski
Steve Wozniak
Thaddeus Kosciuszko
Vaclav Havel
Vladimir Putin
Władysław Reymont
Zofia Nałkowska
 
Answer Stats
Answer % Correct
Andrzej Wajda
79%
Adam Czartoryski
71%
Andrzej Duda
71%
John Paul II
71%
Frédéric Chopin
67%
Lech Wałęsa
67%
Robert Lewandowski
67%
Krzysztof Krawczyk
63%
Marie Curie
63%
Ignacy Łukasiewicz
58%
Eugeniusz Kwiatkowski
54%
Irena Szewińska
54%
Józef Piłsudski
54%
Nicolaus Copernicus
54%
Zofia Nałkowska
54%
Donald Tusk
50%
Bolesław Prus
46%
Kazimierz Deyna
46%
Thaddeus Kosciuszko
46%
Władysław Reymont
46%
Casimir Pulaski
42%
Stefan Żeromski
42%
Jan Matejko
38%
Daniel Olbrychski
33%
Jan Czerski
33%
Józef Bem
33%
Ludwik Zamenhof
33%
Julian Tuwim
29%
No matching quizzes found
Score Distribution
Percent of People with Each Score
Percentile by Number Answered
Your Score History
You have not taken this quiz